000 00310nam a22001337a 4500
008 170714b xxu||||| |||| 00| 0 eng d
020 _a0136625371
041 _aeng
080 _22ND
_a101
100 _a24
101 _aFJA
245 _aPHILOSOPHY AND THE HUMAN CONDITION
_cBEAUCHAMP.T.L
942 _2udc
_cBK
999 _c20742
_d20742